| 000 | 00839nam a22002417a 4500 | ||
|---|---|---|---|
| 003 | dpl | ||
| 005 | 20080703150816.0 | ||
| 006 | a|||||r|||||00| 0 | ||
| 008 | 080703t xxu||||| |||| 00| 0 eng d | ||
| 010 | _aENG-90443 | ||
| 020 |
_a8180940268 _c260.00 |
||
| 035 | _aEN-73976 | ||
| 037 | _bDBAD / PUB | ||
| 040 |
_aDPL _bEN _cDPL |
||
| 082 | _a660.65 | ||
| 100 | _aSasidhara, R. | ||
| 245 |
_aAnimal biotechnology / _cby R. Sasidhara |
||
| 260 |
_aChennai _bMJP Publishers _c2006 |
||
| 300 |
_axxii, 506p. _c21cm. (pbk) |
||
| 500 | _aIncludes glossary, appendices, references, list of abbreviations | ||
| 942 |
_2ddc _cEN _h660.65 _mSAS |
||
| 999 |
_c14206 _d14206 |
||